Statystyki dla Porter Robinson - Wszystkie piosenki

Kliknij tutaj aby rozwiązać quiz!

Ogólne statystyki

  • Ten quiz został rozwiązany 4 razy
  • Średni wynik to 7 z 38

Statystyki odpowiedzi

Tytuł piosenki% Poprawnych
Sad Machine
75%
Shelter
75%
Flicker
50%
Goodbye To A World
50%
Hello
50%
Blossom
25%
Divinity
25%
Easy
25%
Fellow Feeling
25%
Get You Wish
25%
I'm On Fire
25%
Language
25%
Lifelike
25%
Lionhearted
25%
Polygon Dust
25%
Something Comforting
25%
Trying To Feel Alive
25%
Wind Tempos
25%
Years Of War
25%
100% In The Bitch
0%
Do-Re-Mi-Fa-So-La-Ti-Do
0%
dullscythe
0%
Fresh Static Snow
0%
Hear The Bells
0%
Look At The Sky
0%
Mirror
0%
Mother
0%
Musician
0%
Natural Light
0%
Say My Name
0%
Sea Of Voices
0%
Spitfire
0%
Sweet Time
0%
The Seconds
0%
The State
0%
Unfold
0%
Unison
0%
Vandalism
0%

Rozkład punktacji

Percentyl według liczby udzielonych odpowiedzi

Procent ludzi z każdym wynikiem

Twoja historia wyników

Nie rozwiązałeś tego quizu